000
00326nam a2200133Ia 4500
008
240624s9999 xx 000 0 und d
041
_a
eng
082
_a
153 DUN
100
_a
DUNLOSKY JOHN
245
_a
METACOGNITION
260
_c
2009
_a
New Delhi
_b
Sage Publications
300
_a
ix, : 334 : p. : cm. ; 23
365
_c
_b
30
999
_c
12949
_d
12949